| 000 | 00502nam a2200145 i 4500 | ||
|---|---|---|---|
| 001 | 150112 | ||
| 003 | ES-MaACL | ||
| 005 | 20230906203400.0 | ||
| 007 | t| | ||
| 008 | 071026s1920 ag ||||1| spa d | ||
| 100 | 1 |
_aVanderoog, Jan. _9113065 |
|
| 245 | 1 | 0 |
_aFrancia y la Convención de Ginebra _b: contribución a la historia de la civilización francesa : extractada de documentos oficiales alemanes / _cpor Jan Vanderoog. |
| 260 |
_aBuenos Aires : _bGermania, _c1920. |
||
| 852 |
_aES-MaACL _j1604-F-11 |
||
| 999 |
_c150112 _d150112 |
||